| 000 -LEADER |
| fixed length control field |
00566nam a22002057a 4500 |
| 005 - DATE AND TIME OF LATEST TRANSACTION |
| control field |
20151027120416.0 |
| 008 - FIXED-LENGTH DATA ELEMENTS--GENERAL INFORMATION |
| fixed length control field |
150330b xxu||||| |||| 00| 0 eng d |
| 020 ## - INTERNATIONAL STANDARD BOOK NUMBER |
| International Standard Book Number |
1418835579 |
| 041 0# - LANGUAGE CODE |
| Language code of text/sound track or separate title |
eng |
| 080 ## - UNIVERSAL DECIMAL CLASSIFICATION NUMBER |
| Universal Decimal Classification number |
004 |
| 100 ## - Rafti |
| Rafti |
Andrews, Jean, |
| 245 ## - TITLE STATEMENT |
| Title |
A+ guide to managing and maintaining your PC / |
| Statement of responsibility, etc |
Jean Andrews |
| 250 ## - |
| -- |
4th ed |
| 260 ## - |
| -- |
Australia; |
| -- |
Course Technology, |
| -- |
2003 |
| 300 ## - |
| -- |
1093 f. : |
| -- |
me il.; |
| -- |
24 cm |
| 650 ## - |
| -- |
Kompjuteret |
| 650 ## - |
| -- |
Përpunimi i të dhënave elektronike |
| 650 ## - |
| -- |
Mikrokompjuterët |
| 942 ## - ADDED ENTRY ELEMENTS (KOHA) |
| Source of classification or shelving scheme |
|
| Item type |
Books |